| 000 | 00928nam a2200253Ia 4500 | ||
|---|---|---|---|
| 003 | OSt | ||
| 005 | 20221005112133.0 | ||
| 006 | a|||||r|||| 00| 0 | ||
| 007 | ta | ||
| 008 | 221004b |||||||| |||| 00| 0 pan d | ||
| 020 | _c150 | ||
| 024 | _a4796 | ||
| 037 |
_b744, 12/03/2013, Bright Book Service _cTextual |
||
| 040 |
_aCRL _cCRL _bpan |
||
| 041 |
_2pan _apan |
||
| 082 | _aO153,3NBRx, P9 | ||
| 100 | _aਬਰਾੜ, ਹਰਭਜਨ ਸਿੰਘ | ||
| 245 | 0 | _aਸਾਝਾਂ ਆਰ ਪਾਰ ਦੀਆਂ | |
| 260 |
_aਅੰਮ੍ਰਿਤਸਰ _bਸਾਈ੍ਵ ਮੀਆਂ ਮੀਰ ਇੰਟਰਨੈFਨਲ ਖ਼ਾਊ੍ਵਡੇFਨ ਭਾਰਤ _c2009 |
||
| 300 |
_a128ਪੰ _ccm. |
||
| 650 | _aਪੰਜਾਬੀ ਸਾਹਿਤ | ||
| 942 |
_hO153,3NBRx, P9 _cTEXL _2cc |
||
| 999 |
_c1023927 _d1023927 |
||